Quizzes
Events
Quiz Creation
Community
Videos
Private Events
Remove Ads
Sign In
Join for FREE
Feedback
Dark Mode
Quiz Categories
Sports
Geography
Music
Movies
Television
Just For Fun
Miscellaneous
History
Literature
Language
Science
Gaming
Entertainment
Religion
Holiday
For Kids
Quiz Lab
Recent
Popular Today
Quiz Kudos Today
Editor Picks
Curator Picks
Quizzes by...
Day
Popularity
Type
Ratings
Length
Year
Community
Subscriptions
Recent Discussions
Orange Saloon
Badges
Playlists
Quests
Create
Leaderboards
Showdown
Live 5
Trivia Bingo
Activity
Puzzle Library
Sporcle Events
Private Events
Virtual Trivia
Globe League
Become a Host
Pub Owners
SporcleCon
Opinionation
Our Games
Videos
Blog
Mobile Apps
Partnerships
Remove Ads and Go Orange
Feedback
Sports
Athletes
MLB
NBA
NHL
NFL
Soccer
Sports Teams
WWE
NCAA
Football
Premier League
Basketball
Baseball
Hockey
Golf
Tennis
Cricket
Rugby
Auto Racing
Olympics
World Cup
Sports
Athletes
MLB
NBA
NHL
NFL
Soccer
Sports Teams
WWE
NCAA
Football
Premier League
Basketball
Baseball
Hockey
Golf
Tennis
Cricket
Rugby
Auto Racing
Olympics
World Cup
Random Quiz
Search Sporcle
×
Quiz Lab
Quiz Lab
Sports
NCAA
Type in answers that appear in a list
Type in answers that appear in a list
Classic
Best Score? Go Orange.
NCAA First Round Upsets Stats
Can you name the first round upsets (12 vs. 5 or bigger) that have occured in the NCAA tournament since 1985?
By
Voosh
12m
74 Questions
192 Plays
192 Plays
192 Plays
Comments
Comments
Give Quiz Kudos
Give Quiz Kudos
-
- Ratings
hide this ad
Replay
Link that replays current quiz
Next Quiz
Link to next quiz in quiz playlist
You Got
0%
They Got
Avg Score
39%
Avg Friend Score
Upgrade to see
Score Distribution
Jump to the score distribution portion of the page
Score
0/74
Timer
12:00
0
Plays Today
Team Upset and Seed
Winning Team
% Correct
5 Virginia
Gonzaga
66.1%
5 Illinois
Western Kentucky
64.1%
5 Drake
Western Kentucky
64.1%
5 Florida State
Wisconsin
63%
5 Mississippi State
Butler
63%
4 Syracuse
Vermont
60.4%
3 Kansas
Bucknell
57.8%
5 Utah
Arizona
57.3%
2 Iowa State
Hampton
56.8%
5 Clemson
Villanova
54.2%
4 Wake Forest
Cleveland State
53.6%
3 Indiana
Cleveland State
53.6%
4 Vanderbilt
Siena
53.1%
4 UCLA
Princeton
53.1%
3 Stanford
Siena
53.1%
5 Florida
Creighton
52.6%
3 South Carolina
Richmond
52.1%
2 Syracuse
Richmond
52.1%
4 Indiana
Richmond
52.1%
4 Connecticut
San Diego
51.6%
5 Miami (FL)
Missouri
50.5%
5 Ohio State
Utah State
50.5%
3 Michigan State
Weber State
47.4%
4 Arizona
Oklahoma
46.9%
4 Kansas
Bradley
46.4%
5 TCU
Florida State
46.4%
4 Georgia Tech
Southern
46.4%
2 Arizona
Santa Clara
45.8%
2 South Carolina
Coppin State
44.8%
3 Nebraska
Xavier
44.8%
4 Missouri
Xavier
44.8%
4 Dayton
Tulsa
44.3%
5 Marquette
Tulsa
44.3%
5 UCLA
Tulsa
44.3%
5 Arizona
Miami (OH)
42.2%
4 Oklahoma
Indiana State
40.6%
3 Iowa
Northwestern State
40.1%
Team Upset and Seed
Winning Team
% Correct
5 Syracuse
Texas A&M
39.6%
5 Alabama
Wisconsin-Milwaukee
39.1%
4 Mississippi
Valparaiso
39.1%
5 Penn. State
Arkansas
38%
4 Indiana
Kent State
36.5%
4 UCLA
Penn State
36.5%
5 Illinois
Dayton
35.9%
4 LSU
Navy
35.9%
4 USC
UNC-Wilmington
35.4%
5 Nevada
Montana
34.4%
5 Florida
Manhattan
33.9%
5 Memphis State
DePaul
32.8%
5 Virginia
DePaul
32.8%
3 Villanova
Old Dominion
32.3%
3 Missouri
Northern Iowa
31.8%
5 DePaul
New Mexico State
31.3%
5 New Mexico
George Washington
30.7%
5 Virginia
Wyoming
29.2%
4 Oklahoma
Manhattan
29.2%
3 N.C. State
Murray State
28.6%
5 Providence
Pacific
28.1%
5 Washington
Kentucky
25.5%
5 UCLA
Detroit
22.4%
5 Maryland
College of Charleston
22.4%
3 Arizona
East Tennessee State
22.4%
5 Wisconsin
Southwest Missouri State
21.9%
5 California
Wisconsin-Green Bay
21.9%
4 Clemson
Southwest Missouri State
21.9%
5 Oregon State
Ball State
21.4%
3 Illinois
Austin Peay
21.4%
5 Mississippi State
Eastern Michigan
20.8%
3 Georgia
UT-Chattanooga
19.3%
3 North Carolina
Weber State
18.8%
5 Memphis
Drexel
18.8%
3 Notre Dame
Arkansas-Little Rock
18.2%
4 Oklahoma
Southwest Louisiana
6.3%
4 Florida State
Middle Tennessee State
6.3%
Quiz Playlist
Details
Report
Send in Message
Add To Playlist
Classic:
Type in answers that appear in a list
Quiz Source
Last Updated: Feb 16, 2017
Quiz Scoreboard
CHALLENGE
Sign Up to Join the Scoreboard
Show All
Scores
Hide
Comments
May contain spoilers
Recently Published
Billboard Blitz: Fleetwood Mac
by CooCooCachoo
Music
15s
Presidents Visiting Landmarks
by Hejman
History
7m
An Introduction to Baseball
by treessimontrees
Sports
5m
More to Explore
Quiz From the Vault
Featured Blog Post
Where Did the Easter Bunny Come From?
hide this ad
You Might Also Like...
Tags
NCAA Quiz
1985
Bigger
round
Seed
team
Tournament
upset
Winning
Today's Top Quizzes in Sports
Browse Sports
hide this ad
Today's Top Quizzes in NCAA
Browse NCAA
Top Contributed Quizzes in Sports
1
Les meilleurs buteurs des matchs entre le PSG et l’OM
2
2022 World Cup Stars
3
FIFA Club World Cup Champions
4
Les entraîneurs de l'OM et du PSG au 21e siècle
5
Name the Premier League winners with different clubs
6
5-to-1: UK Sports Teams
7
La finale Lions - Afrique du Sud 2021
8
Criteria MLB: Left Handed Sluggers
9
AFC Teams Reveal (Wrong Answers Minefield)
10
England Test cricketers to play under Nasser Hussain
Explore More
Trending Topics
NBA
Anime
Marvel
Kpop
Harry Potter
Crossword
Disney
Puzzle
Pokémon
NFL
Song
The Office
Soccer
WWE
Country
hide this ad
More By:
Voosh
Quiz
Plays
Rating
Category
Featured
Created
Division 1 'State' Schools
7,299
3.72
Sports
Sep 23, 2009
Shared Nicknames in Major Sports
787
3.89
Geography
Sep 28, 2009
Most Intentional Walks
284
4.50
Sports
Sep 23, 2009
NCAA First Round Upsets
192
4.67
Sports
Dec 18, 2009
Go to Creator's Profile
Score Distribution
Quiz Creator Spotlight
Voosh
Follow
Send a Message
Quizzes Created
-
Created Quiz Play Count
-
More By This Creator
Popular Quizzes Today
1
Find the US States - No Outlines Minefield
2
Find the Countries of Europe - No Outlines Minefield
3
The Countries of the World
4
Find the US States
5
Popular People in 1961
6
US States
7
Risky Map Clicking: Biggest States A-Z
8
Movies - When Are They Set?
More Sports Quizzes
Shared Soccer Stadiums
Quiz Lab
Trending Quizzes
Risky Map Clicking: Least Populous States A-Z
1-10 Letter G Words
1-10 Letter F Words
Risky Map Clicking: Next State Alphabetically
Risky Map Clicking: Biggest States A-Z
Recently Updated
Leaping Animals
pecheneg
Reality TV Shows (A-Z)
bhenderson79
Rickey Henderson's Hall of Fame Teammates
pecheneg
Champions League XIs: Arsenal
pecheneg
Quick Pick: Celebrities in WWE's Hall of Fame
aduchscher
A-Z Keypad Blitz II
pecheneg
Multiple Oscar Actors
pecheneg
Mystery Phrase Blitz: Oscar 'Best Actors'
pecheneg
F. Scott Fitzgerald Novels
LTH
Pick 3 Villains
ddd62291
Trending Topics
NBA
Harry Potter
Marvel
Disney
Crossword
Anime
Kpop
Pokémon
Soccer
Puzzle
Song
Country
NFL
WWE
The Office
Your Account Isn't Verified!
In order to create a playlist on Sporcle, you need to verify the email address you used during registration. Go to your
Sporcle Settings
to finish the process.
Report this User
Report this user for behavior that violates our
Community Guidelines
.
Details:
Send Report
Go to the Sporcle.com Mobile Site →
Comments